00886nas a2200253 4500001001300000003000900013005001700022007000300039008003400042040005400076041000900130072001300139100002300152100002000175100001600195100002000211245012300231650002600354650002800380650001600408650001900424773013500443856005400578BR2011006795BR-BrBNA20231205115956.0ta230509b bl.|||p| |||| 00| 00por d aBR-BrBNAbporcBiblioteca Nacional de Agricultura a(Pt) aF06; F041 aFarias, C.H. de A.1 aFernandes, P.D.1 aGheyi, H.R.1 aDantas Neto, J.1 aQualidade industrial de cana-de-açúcar sob irrigação e adubação com zinco, em Tabuleiro Costeiro paraibano aSACCHARUM OFFICINARUM aMATÉRIA PRIMA VEGETAL aFIBRA BRUTA aPIVÔ CENTRAL0 tRevista Brasileira de Engenharia Agrícola e Ambiental (Brazil)xISSN 1807-1929g(Jul-Aug 2009), v.13(4) p. 419-428wBR201100679540uhttp://www.scielo.br/pdf/rbeaa/v13n4/v13n4a08.pdf